<?xml version="1.0" encoding="UTF-8"?>
<marc:record xmlns:marc="http://www.loc.gov/MARC21/slim">
   <marc:leader>00000nam a2200000 a 4500</marc:leader>
   <marc:datafield ind1="1" ind2=" " tag="100">
      <marc:subfield code="a">Brom</marc:subfield>
      <marc:subfield code="4">aut</marc:subfield>
      <marc:subfield code="e">Verfasser/-in</marc:subfield>
   </marc:datafield>
   <marc:datafield ind1="1" ind2=" " tag="100">
      <marc:subfield code="a">Schmidt, Jakob</marc:subfield>
      <marc:subfield code="4">trl</marc:subfield>
      <marc:subfield code="e">Übersetzer/-in</marc:subfield>
   </marc:datafield>
   <marc:datafield ind1="1" ind2=" " tag="100">
      <marc:subfield code="a">Brom</marc:subfield>
   </marc:datafield>
   <marc:datafield ind1="0" ind2="0" tag="245">
      <marc:subfield code="a">Der Kinderdieb</marc:subfield>
   </marc:datafield>
   <marc:datafield ind1="0" ind2="0" tag="245">
      <marc:subfield code="b">Roman</marc:subfield>
   </marc:datafield>
   <marc:datafield ind1="0" ind2="0" tag="245">
      <marc:subfield code="c">Brom. Mit Ill. von Brom. Aus dem Engl. von Jakob Schmidt</marc:subfield>
   </marc:datafield>
   <marc:datafield ind1=" " ind2="1" tag="264">
      <marc:subfield code="a">München</marc:subfield>
      <marc:subfield code="b">Knaur-Taschenbuch-Verl.</marc:subfield>
      <marc:subfield code="c">2011</marc:subfield>
   </marc:datafield>
   <marc:datafield ind1="1" ind2=" " tag="490">
      <marc:subfield code="a">Knaur</marc:subfield>
      <marc:subfield code="v">50688</marc:subfield>
   </marc:datafield>
   <marc:datafield ind1=" " ind2=" " tag="250">
      <marc:subfield code="a">Vollst. Taschenbuchausg.</marc:subfield>
   </marc:datafield>
   <marc:datafield ind1="1" ind2=" " tag="520">
      <marc:subfield code="a">Angaben aus der Verlagsmeldung

Der Kinderdieb : Roman Der Kinderdieb / von Brom

Leise wie ein Schatten streift ein Junge durch die Straßen von New York. Er nennt sich Peter und ist auf der Suche nach Kindern und Teenagern, die dringend Hilfe brauchen. Peter rettet sie – und bietet ihnen an, sie in sein magisches Reich zu führen, in dem niemand je erwachsen werden muss. Doch er verrät ihnen nicht, dass dieses Land im Sterben liegt und dort nicht nur magische Geschöpfe und das Abenteuer ihres Lebens auf sie warten, sondern auch größte Gefahr …

»Brom hat mit "Der Kinderdieb" ein Meisterwerk der phantastischen Literatur erschaffen! Er mischt gekonnt das Grundgerüst der Peter-Pan-Geschichte mit Mythen aus verschiedenen Kulturen und einer Prise "Herr der Fliegen". Der ideale Buchtipp für jeden Fantasy-Horror-Fan.« Virus
</marc:subfield>
   </marc:datafield>
   <marc:datafield ind1=" " ind2=" " tag="020">
      <marc:subfield code="a">9783426506882</marc:subfield>
      <marc:subfield code="9">9783426506882</marc:subfield>
   </marc:datafield>
   <marc:datafield ind1=" " ind2=" " tag="020">
      <marc:subfield code="a">3426506882</marc:subfield>
      <marc:subfield code="9">3426506882</marc:subfield>
   </marc:datafield>
   <marc:datafield ind1=" " ind2=" " tag="041">
      <marc:subfield code="a">ger</marc:subfield>
   </marc:datafield>
   <marc:datafield ind1=" " ind2=" " tag="300">
      <marc:subfield code="a">655 S.</marc:subfield>
   </marc:datafield>
</marc:record>
